| 000 | 00982nam a22003137a 4500 | ||
|---|---|---|---|
| 001 | BR8004157 | ||
| 003 | BR-BrBNA | ||
| 005 | 20230928090642.0 | ||
| 007 | ta | ||
| 008 | 230509b bl.||||| |||| 00| 0 por d | ||
| 040 |
_aBR-BrBNA _bpor _cBiblioteca Nacional de Agricultura |
||
| 041 | _a(Por) | ||
| 072 |
_aF00; E70 _b3575 |
||
| 090 | _ 3575 BR8004157 | ||
| 110 | 1 |
_aAssociacao dos produtores de sementes do Rio Grande do Sul, Passo Fundo (Brasil) _9625 |
|
| 245 | 1 | _aPrincipais aspectos a serem considerados para obtencao de sementes de alta qualidade e sua comercializacao [controle de qualidade, melhoramento vegetal] | |
| 260 | 3 |
_aPasso Fundo, RS (Brasil): _c1980. |
|
| 300 | _a20 p. | ||
| 650 | _aSEMENTE | ||
| 650 | _aMELHORAMENTO VEGETAL | ||
| 650 | _aARMAZENAMENTO | ||
| 650 | _aSECAGEM | ||
| 650 | _aCOLHEITA | ||
| 650 | _aBENEFICIAMENTO | ||
| 650 | _aEXPURGO | ||
| 650 | _aCONTROLE DE QUALIDADE | ||
| 909 |
_a202309 _bLucia _c55 _dLucia Elande |
||
| 942 | _cBK | ||
| 999 |
_c29844 _d29844 |
||